Testing between competing models of real business cycles
Testovanie modelu reálneho hospodárskeho cyklu s efektívnymi dlhodobými pracovnými zmluvami oproti štandardnému modelu reálneho hospodárskeho cyklu použitím údajov z japonskej ekonomiky. Cyklické pohyby agregovanej zamestnanosti a reálnych miezd.
Salvato in:
| Autore principale: | |
|---|---|
| Altri autori: | |
| Natura: | Capitolo di libro |
| Lingua: | inglese |
| Soggetti: | |
| Tags: |
Nessun Tag, puoi essere il primo ad aggiungerne!!
|
MARC
| LEADER | 00000naa a2200000 4500 | ||
|---|---|---|---|
| 001 | r000830 | ||
| 005 | 20221130101859.9 | ||
| 041 | 0 | |a eng | |
| 044 | |a US | ||
| 245 | 1 | 0 | |a Testing between competing models of real business cycles |c H. Osano, T. Inoue |
| 520 | |a Testovanie modelu reálneho hospodárskeho cyklu s efektívnymi dlhodobými pracovnými zmluvami oproti štandardnému modelu reálneho hospodárskeho cyklu použitím údajov z japonskej ekonomiky. Cyklické pohyby agregovanej zamestnanosti a reálnych miezd. | ||
| 610 | 2 | 0 | |a cykly hospodárske |
| 610 | 2 | 0 | |a teória cyklu |
| 610 | 2 | 0 | |a modely ekonomicko-matematické |
| 610 | 2 | 0 | |a zmluvy pracovné |
| 610 | 2 | 0 | |a zamestnanosť |
| 100 | 1 | |a Osano, H. | |
| 700 | 1 | |a Inoue, T. | |